01697nam a2200373 a 4500001001200000003000800012006001900020007001500039008004100054010001700095020002800112040002100140035002000161050002200181082001400203100002200217245016900239260005400408300001500462490003500477504005100512533015200563650004000715650005600755650004600811650006800857651006300925651006100988651006601049655002901115710001701144830003601161856012601197ebr10063434CaPaEBRm u cr cn|||||||||030725s2004 mou sb s001 0deng  z 2003016712 z0826214878 (alk. paper) aCaPaEBRcCaPaEBR a(OCoLC)6142601314aE468b.H34 2004eb04a973.72221 aHattaway, Herman.10aReflections of a Civil War historianh[electronic resource] :bessays on leadership, society, and the art of war /cHerman Hattaway ; foreword by Frank F. Vandiver. aColumbia :bUniversity of Missouri Press,cc2004. axv, 254 p.1 aShades of blue and gray series aIncludes bibliographical references and index. aElectronic reproduction.bPalo Alto, Calif. :cebrary,d2013.nAvailable via World Wide Web.nAccess may be limited to ebrary affiliated libraries. 0aGeneralszUnited StatesvBiography. 0aGeneralszConfederate States of AmericavBiography. 0aCommand of troopsxHistoryy19th century. 0aMilitary art and sciencezUnited StatesxHistoryy19th century. 0aUnited StatesxHistoryyCivil War, 1861-1865vMiscellanea. 0aUnited StatesxHistoryyCivil War, 1861-1865xCampaigns. 0aUnited StatesxHistoryyCivil War, 1861-1865xSocial aspects. 7aElectronic books.2local2 aebrary, Inc. 0aShades of blue and gray series.40uhttp://site.ebrary.com/lib/rucke/Doc?id=10063434zAn electronic book accessible through the World Wide Web; click to view